「しおがま」表記はどれ? - Statistics

General Stats
  • This quiz has been taken 151 times
  • The average score is 14 of 27
Answer Stats
Hint Answer % Correct
西「しおがま」駅 塩釜
75%
本「しおがま」駅 塩釜
75%
東「しおがま」駅 塩釜
73%
「しおがま」駅 塩釜
71%
「しおがま」FCウィーゼ(サッカークラブ) 塩釜
67%
イオンタウン「しおがま」 塩釜
63%
「しおがま」市 塩竈
60%
「しおがま」市立図書館 塩竈
59%
「しおがま」市観光物産協会 塩竈
56%
仙台法務局「しおがま」支社 塩釜
56%
「しおがま」高校 塩釜
55%
「しおがま」港 塩釜
55%
「しおがま」郵便局 塩釜
55%
「しおがま」市立病院 塩竈
50%
「しおがま」神社 鹽竈
48%
仙台国税局「しおがま」税務署 塩釜
46%
「しおがま」消防署 塩釜
45%
「しおがま」警察署 塩釜
44%
「しおがま」市(原付バイクナンバープレート) 塩竈
44%
「しおがま」市尾島町(交差点) 塩釜
42%
「しおがま」神社博物館 鹽竈
40%
「しおがま」みなと祭 塩竈
39%
「しおがま」消防団 塩竈
35%
杜の都信用金庫 「しおがま」営業部 塩竈
33%
NX仙台「しおがま」港運株式会社 塩竈
31%
「しおがま」神社前(バス停) 塩釜
30%
「しおがま」海道(2009年に完成した主要道のこと) 鹽竈
15%
No matching quizzes found
Score Distribution
Percent of People with Each Score
Percentile by Number Answered
Your Score History
You have not taken this quiz